|
|
|
|
| LEADER |
00000cam a2200000 a 4500 |
| 001 |
vtls001430407 |
| 003 |
SK-MaSNL |
| 005 |
20260301120913.0 |
| 008 |
160129s2001 xo fr 10001 slo |
| 015 |
|
|
|a SNBA2002/05-01743
|
| 020 |
|
|
|q (brož.)
|
| 035 |
|
|
|a SNK000385433
|
| 035 |
|
|
|a urn:nbn:sk:snk-amk4rh
|
| 035 |
|
|
|a urn:nbn:sk:snk-am004pat
|
| 035 |
|
|
|a 2D59E432-C3A7-454D-8A39-333B0CE0CDAC
|
| 040 |
|
|
|a SNK
|b slo
|c SNK
|e AACR2
|
| 041 |
0 |
|
|a slo
|
| 044 |
|
|
|a xo
|c SK
|
| 080 |
|
|
|a 885.4-1+885.4-3(082)\
|2 1981
|
| 080 |
|
|
|a 885.4-3(082)\
|2 1981
|
| 111 |
2 |
|
|a Dary reči
|n (5. :
|d 2001 :
|c Považská Bystrica, Slovensko)
|4 aut
|9 131361
|
| 245 |
1 |
0 |
|a Dary reči
|b zborník ocenených literárnych prác 5. ročníka regionálnej súťaže
|c [zostavili: A. Šaradinová ... [et al.]]
|
| 260 |
|
|
|a Považská Bystrica
|b Považská knižnica
|c 2001
|
| 300 |
|
|
|a 39 s.
|c 21 cm
|
| 366 |
|
|
|e 60 výtl.
|
| 500 |
|
|
|a Obalový názov
|
| 650 |
0 |
7 |
|a literárne súťaže
|2 SNKPH
|9 4275
|
| 650 |
0 |
7 |
|a literárne práce detí a mládeže
|2 SNKPH
|9 4106
|
| 655 |
|
7 |
|a zborníky
|2 SNKPH
|9 70165
|
| 700 |
1 |
|
|a Šaradinová, Antónia,
|d 1961-
|4 com
|9 254833
|
| 852 |
|
|
|a Slovenská národná knižnica
|
| 954 |
|
|
|a beletria pôvodná (slovenská)
|2 lita
|
| 958 |
|
|
|a OND
|
| 958 |
|
|
|a TL
|
| 958 |
|
|
|a LX
|
| 958 |
|
|
|a BQ
|
| 999 |
|
|
|c 727513
|d 729443
|
| 952 |
|
|
|t P60, <03>, [BOOK], {603}
|a SNK
|b SNK
|y PREZ
|7 0
|p 17A0336099
|o snkSC 107384
|i snkKSP 2616/2002
|0 0
|1 0
|4 0
|d 2002-03-06
|f 1
|l 0
|r 2025-09-29 00:00:00
|w 2026-02-23
|